000 00684cam a22002291 4500
001 45947
003 BD-RjUL
005 20211209054104.0
008 160730s1967 pk 000 0 eng
035 _aBD-RjUL46065
035 _a(NNC)4916236
040 _aDLC
_cDLC
_dOCLCQ
_beng
041 _aeng
082 _a343.095491
_bSAL 1967
098 _a1287
100 1 _aSabri, masud-ul-hassan khan
_9140508
245 1 4 _aThe law of bails :
_bArrest, search and seizure with criminal investigation & inquiry /
_cMasud-ul-hassan khan Sabri
260 _aLahore :
_bKhyber Pub. House,
_c1967.
300 _a416 p. ;
_c24 cm.
650 0 _aBail
_zPakistan.
_9140509
942 _2ddc
_cBK
999 _c45947
_d45947